[Event "St Chely d'Aubrac op 11th"]
[Site "St Chely d'Aubrac"]
[Date "2011.07.10"]
[Round "2"]
[White "Galloux, Maxime"]
[Black "Hug, Timothee"]
[Result "0-1"]
[WhiteElo "2075"]
[BlackElo "1786"]
[PlyCount "168"]
[EventDate "2011.07.09"]
[EventType "swiss"]
[EventRounds "7"]
[EventCountry "FRA"]
[SourceTitle "CBM 143 Extra"]
[Source "ChessBase"]
[SourceDate "2011.08.29"]
[SourceVersion "1"]
[SourceVersionDate "2011.08.29"]
[SourceQuality "1"]

1. e4 c5 2. Nf3 Nc6 3. d4 cxd4 4. Nxd4 g6 5. Nc3 Bg7 6. Be3 Nf6 7. Bc4 Qa5 8. 0-0 0-0 9. Nb3 Qc7 10. Bg5 a6 11. Be2 b5 12. a3 h6 13. Bh4 Nxe4 14. Nxe4 Qf4 15. Nec5 Bd4 16. Bg3 Qf5 17. Bg4 Qd5 18. Bf3 Qf5 19. Nd3 d5 20. Nd2 Rd8 21. Nb3 Bg7 22. c3 e5 23. Nb4 Ne7 24. Na5 Qe6 25. Re1 Kf8 26. c4 bxc4 27. Nxc4 f6 28. Na5 Qb6 29. Nb3 a5 30. Na2 a4 31. Nd2 Qxb2 32. Nb4 Be6 33. Qc1 Qd4 34. Nc6 Nxc6 35. Qxc6 Bf7 36. Rad1 Rac8 37. Qb5 Rb8 38. Qa5 Ra8 39. Qc7 Rac8 40. Qa5 Ra8 41. Qb5 Rab8 42. Qe2 Rb2 43. Qe3 Qxe3 44. Rxe3 Rc8 45. Nf1 d4 46. Re2 Rb3 47. Ra1 Rcc3 48. Rea2 Rb6 49. Rd2 f5 50. h3 e4 51. Bd1 e3 52. fxe3 dxe3 53. Rd7 Rc8 54. Bd6+ Kg8 55. Bc7 Rxc7 56. Rxc7 Bxa1 57. Re7 Bd4 58. Kh1 Rb1 59. Be2 Ra1 60. Rd7 Bb2 61. Rd1 Rxd1 62. Bxd1 Bxa3 63. Nxe3 Bb3 64. Be2 Bc1 65. Nc4 a3 66. Nxa3 Bxa3 67. g4 Bd5+ 68. Kg1 f4 69. h4 Kf7 70. Bd3 Be7 71. h5 gxh5 72. gxh5 Kf6 73. Kf2 Kg5 74. Be2 Bf7 75. Bf3 Bxh5 76. Bc6 Bg4 77. Kg2 h5 78. Kh2 Bd6 79. Kg1 h4 80. Kf2 h3 81. Be4 Bc5+ 82. Kf1 Kh4 83. Bh1 Kg3 84. Ke1 Bf3 0-1

[Event "St Chely d'Aubrac op 10th"]
[Site "St Chely d'Aubrac"]
[Date "2010.07.10"]
[Round "1"]
[White "Hug, Timothee"]
[Black "Mullon, Jean Baptiste"]
[Result "0-1"]
[WhiteElo "1691"]
[BlackElo "2442"]
[PlyCount "90"]
[EventDate "2010.07.10"]
[EventType "swiss"]
[EventRounds "9"]
[EventCountry "FRA"]
[SourceTitle "CBM 137 Extra"]
[Source "ChessBase"]
[SourceDate "2010.09.01"]
[SourceVersion "1"]
[SourceVersionDate "2010.09.01"]
[SourceQuality "1"]

1. e4 c5 2. Nf3 e6 3. d4 cxd4 4. Nxd4 a6 5. Be3 Nf6 6. Nc3 Qc7 7. a3 b5 8. Bd3 Bb7 9. f3 Nc6 10. Nxc6 Bxc6 11. Qd2 Be7 12. 0-0 0-0 13. Qf2 d6 14. Qg3 Rfe8 15. f4 g6 16. f5 Nh5 17. Qg4 Bf6 18. fxg6 fxg6 19. Rf3 Qg7 20. Bd2 Bd7 21. Rff1 Rf8 22. Qe2 Be5 23. Rxf8+ Rxf8 24. Rf1 Nf4 25. Bxf4 Rxf4 26. Rxf4 Bxf4 27. Nd1 Qe5 28. g3 Bg5 29. Qf2 Kg7 30. Kg2 Qc5 31. b4 Qc6 32. Qe2 Bc1 33. a4 bxa4 34. Bxa6 d5 35. b5 Qc5 36. c4 dxc4 37. Qc2 Bg5 38. Qxa4 c3 39. Qc2 Bf6 40. b6 Qxb6 41. Bd3 Qd4 42. Nf2 Bd8 43. Nd1 Ba5 44. Kf3 Ba4 45. Qb1 Bb6 0-1

[Event "Wasselonne op"]
[Site "Wasselonne"]
[Date "2009.08.07"]
[Round "3"]
[White "Kapsa, Michel"]
[Black "Hug, Timothee"]
[Result "1/2-1/2"]
[WhiteElo "1830"]
[BlackElo "1590"]
[PlyCount "118"]
[EventDate "2009.08.06"]
[EventType "swiss"]
[EventRounds "7"]
[EventCountry "FRA"]
[SourceTitle "EXT 2011"]
[Source "ChessBase"]
[SourceDate "2010.11.26"]
[SourceVersion "1"]
[SourceVersionDate "2010.11.26"]
[SourceQuality "1"]

1. e4 c5 2. Nf3 d6 3. Bb5+ Bd7 4. Bxd7+ Nxd7 5. 0-0 g6 6. Re1 Bg7 7. c3 Ngf6 8. d4 cxd4 9. cxd4 0-0 10. Nc3 Rc8 11. Bg5 Nb6 12. Qe2 Re8 13. h3 a6 14. Rac1 Qd7 15. Rc2 e6 16. Rec1 Rc7 17. Nd2 Rec8 18. f3 Na4 19. Ndb1 Nxc3 20. Rxc3 Ne8 21. Be3 Nf6 22. Rxc7 Rxc7 23. Nc3 b5 24. a3 Qc8 25. Qd2 Nd7 26. Ne2 Rxc1+ 27. Qxc1 Qxc1+ 28. Nxc1 Nb6 29. b3 d5 30. Kf2 Bf8 31. Nd3 Bxa3 32. Nc5 a5 33. Nb7 a4 34. bxa4 Nxa4 35. exd5 exd5 36. Ke2 Nc3+ 37. Kd3 b4 38. Na5 Kg7 39. Bd2 Nb5 40. Nb3 Kf6 41. Bh6 Nd6 42. Bd2 h5 43. Bf4 Nb5 44. Be5+ Ke7 45. Bf4 f6 46. h4 Nd6 47. Bd2 Nf5 48. Be1 Kd6 49. g4 hxg4 50. fxg4 Ne7 51. Bg3+ Kc6 52. h5 gxh5 53. gxh5 Kd7 54. Bf4 Ke6 55. Nc5+ Kf5 56. Bd2 Kg4 57. h6 Ng6 58. h7 f5 59. Ke2 f4 1/2-1/2